00538pab a2200157 454500008004000000100002200040245008200062260000900144300001200153362001200165650002500177773004700202909001000249999001700259952010400276180718b1996 xxu||||| |||| 00| 0 eng d aBudhwar, Pawan S. aHuman resource management in six manufacturing industries: an empirical study c1996 ap.37-54 aOct-Dec aPersonnel management aIndian Journal of Training and Development a33985 c33985d33985 00104070aIIPAbIIPAd2018-07-19hVolume no: 26, Issue no: 4pAR34214r2018-07-19w2018-07-19yAR